000 00328nam a2200157Ia 4500
100 _aDeshmukh/Sandeep
650 _aCommunication Skill
942 _cBK
366 _f27
654 _agroup communication
245 _aGroup communication
260 _bAne Books
082 _bDES
546 _aENGLISH
_cTTL
999 _c18049
_d18049